000 00209nam a2200085Ia 4500
008 120527s9999 xx 000 0 und d
100 _aKim &Kim
245 _aGlobal corporate finance. Text and cases
942 _cBK
999 _c27143
_d27143